Länder mit der höchsten Waffenrate - Statistiken

Allgemein
  • Dieses Quiz wurde 277 mal gespielt
  • Das Durchschnittsergebnis liegt bei 13 aus 26
Antwortstatistiken
Platz Land Waffen pro 100 Personen Kontinent % Korrekt
1. Vereinigte Staaten 120,5 Nordamerika
99%
4. Kanada 34,7 Nordamerika
82%
26. Mexiko 15 Nordamerika
82%
7. Deutschland 32 Europa
81%
5. Schweiz 34,4 Europa
71%
11. Österreich 30 Europa
66%
15. Schweden 23,1 Europa
65%
6. Finnland 32,4 Europa
64%
9. Norwegen 31,3 Europa
64%
2. Serbien 37,82 Europa
60%
24. Tschechien 16,3 Europa
53%
22. Venezuela 18,5 Südamerika
52%
21. Peru 18,8 Südamerika
51%
17. Griechenland 22,5 Europa
48%
20. Lettland 19 Europa
46%
11. Neuseeland 30 Ozeanien
46%
10. Island 30,3 Europa
41%
8. Uruguay 31,8 Südamerika
39%
15. Montenegro 23,1 Europa
38%
23. Paraguay 17 Südamerika
36%
25. Luxemburg 15,3 Europa
35%
13. Nordmazedonien 29,8 Europa
34%
18. Panama 21,7 Nordamerika
30%
3. Zypern 36,4 Europa
22%
19. Katar 19,2 Asien
12%
14. Kuwait 24,8 Asien
9%
Keine übereinstimmenden Quizze gefunden
Verteilung der Resultate
Anzahl Personen mit jedem Resultat
Perzentil nach korrekt beantworteten Fragen
Ihre Resultats-Entwicklung
Sie haben dieses Quiz noch nicht gespielt